Loading...
Poliomyelitis /
| Main Author: | |
|---|---|
| Format: | Printed Book |
| Language: | English |
| Published: |
Geneva :
World Health Organisation ,
1955.
|
| LEADER | 00495cam a2200157ua 4500 | ||
|---|---|---|---|
| 041 | |a eng | ||
| 082 | |a 614.549 |b DEB/PO | ||
| 100 | |a Debre, Robert . | ||
| 245 | |a Poliomyelitis / |c Robert Debre. |h Textual Documents | ||
| 260 | |a Geneva : |b World Health Organisation , |c 1955. | ||
| 300 | |a 408 ; . | ||
| 504 | |||
| 541 | |e 7649 | ||
| 942 | |c BK | ||
| 999 | |c 29533 |d 29533 | ||
| 952 | |0 0 |1 0 |4 0 |6 614_549000000000000 |7 0 |9 38541 |a KAUAET |b KAUAET |d 2012-04-07 |m 0 |o 614.549 |p KAU_KCAET-7649 |r 2012-04-07 |w 2012-04-07 |y BK | ||